<?xml version="1.0" encoding="UTF-8"?>
<record
    xmlns:xsi="http://www.w3.org/2001/XMLSchema-instance"
    xsi:schemaLocation="http://www.loc.gov/MARC21/slim http://www.loc.gov/standards/marcxml/schema/MARC21slim.xsd"
    xmlns="http://www.loc.gov/MARC21/slim">

  <leader>02293nam a2200457 c 4500</leader>
  <controlfield tag="001">60005</controlfield>
  <controlfield tag="003">CO-BoRNBP</controlfield>
  <controlfield tag="005">20251114165456.0</controlfield>
  <controlfield tag="007">ta</controlfield>
  <controlfield tag="008">210924r2020    ck a|||jr|||| 00| m spa d</controlfield>
  <datafield tag="020" ind1=" " ind2=" ">
    <subfield code="a">9789581804726</subfield>
  </datafield>
  <datafield tag="040" ind1=" " ind2=" ">
    <subfield code="a">CO-BoRNBP</subfield>
    <subfield code="b">spa</subfield>
    <subfield code="e">rda</subfield>
    <subfield code="c">CO-BoRNBP</subfield>
  </datafield>
  <datafield tag="041" ind1="1" ind2=" ">
    <subfield code="a">spa</subfield>
    <subfield code="h">sai</subfield>
  </datafield>
  <datafield tag="043" ind1=" " ind2=" ">
    <subfield code="0">s-ck---</subfield>
  </datafield>
  <datafield tag="082" ind1="0" ind2="4">
    <subfield code="a">Co868.5</subfield>
    <subfield code="b">Z16s</subfield>
    <subfield code="2">22</subfield>
  </datafield>
  <datafield tag="100" ind1=" " ind2=" ">
    <subfield code="a">Zapata Fl&#xF3;rez, Dayana</subfield>
    <subfield code="d">1990-</subfield>
    <subfield code="e">aut</subfield>
    <subfield code="9">1269</subfield>
  </datafield>
  <datafield tag="245" ind1="1" ind2="0">
    <subfield code="a">Senderos a Roma :</subfield>
    <subfield code="b">memorias diversas del viaje de seis j&#xF3;venes creadores colombianos /</subfield>
    <subfield code="c">textos de Dayana Zapata... [y otros cinco] ; entrevistas Roberto Hinestrosa Mej&#xED;a ; prologuistas Mar&#xED;a Juliana Ruiz, Raiza DeLuque, Claudia Blum.</subfield>
  </datafield>
  <datafield tag="250" ind1=" " ind2=" ">
    <subfield code="a">Primera edici&#xF3;n</subfield>
  </datafield>
  <datafield tag="264" ind1=" " ind2="1">
    <subfield code="a">Bogot&#xE1;, Colombia :</subfield>
    <subfield code="b">Proteo Editorial,</subfield>
    <subfield code="c">2020</subfield>
  </datafield>
  <datafield tag="300" ind1=" " ind2=" ">
    <subfield code="a">148 p&#xE1;ginas :</subfield>
    <subfield code="b">ilustraciones</subfield>
  </datafield>
  <datafield tag="336" ind1=" " ind2=" ">
    <subfield code="2">rdacontent</subfield>
    <subfield code="a">texto</subfield>
    <subfield code="b">txt</subfield>
  </datafield>
  <datafield tag="337" ind1=" " ind2=" ">
    <subfield code="2">rdamedia</subfield>
    <subfield code="a">sin mediaci&#xF3;n</subfield>
    <subfield code="b">n</subfield>
  </datafield>
  <datafield tag="338" ind1=" " ind2=" ">
    <subfield code="2">rdacarrier</subfield>
    <subfield code="a">volumen</subfield>
    <subfield code="b">nc</subfield>
  </datafield>
  <datafield tag="505" ind1="0" ind2=" ">
    <subfield code="t">El camino hacia el sauce</subfield>
    <subfield code="r">Dayana Zapata</subfield>
    <subfield code="t">El legado de los abuelos = Srurmea nuwam srawa warik</subfield>
    <subfield code="r">Alexis Forero</subfield>
    <subfield code="t">Un llanero de tres cuartos de pata al suelo</subfield>
    <subfield code="r">Nicol&#xE1;s Garc&#xED;a</subfield>
    <subfield code="t">Libreta italiana 2019</subfield>
    <subfield code="r">Juan David Quintero</subfield>
    <subfield code="t">La lengua no se toca = Ma luenga pol&#xE9; tok&#xE1; n&#xFC;</subfield>
    <subfield code="r">Cristina De la Hoz</subfield>
    <subfield code="t">Nostalgia prematura</subfield>
    <subfield code="r">Manuela Espinal</subfield>
  </datafield>
  <datafield tag="521" ind1=" " ind2=" ">
    <subfield code="a">Recomendado para un p&#xFA;blico mayor de 15 a&#xF1;os</subfield>
  </datafield>
  <datafield tag="546" ind1=" " ind2=" ">
    <subfield code="a">Texto en espa&#xF1;ol, Namtrik (lengua ind&#xED;gena) y lengua palenquera</subfield>
  </datafield>
  <datafield tag="650" ind1="0" ind2="7">
    <subfield code="a">Colombianos en el exterior</subfield>
    <subfield code="y">Siglo XXI</subfield>
    <subfield code="v">Videocasetes</subfield>
    <subfield code="2">lemb</subfield>
    <subfield code="9">67497</subfield>
  </datafield>
  <datafield tag="650" ind1="0" ind2="7">
    <subfield code="a">Viajes</subfield>
    <subfield code="y">Siglo XXI</subfield>
    <subfield code="v">Videocasetes</subfield>
    <subfield code="2">armarc</subfield>
    <subfield code="9">67498</subfield>
  </datafield>
  <datafield tag="650" ind1="0" ind2="4">
    <subfield code="a">Cuentos colombianos</subfield>
    <subfield code="y">Siglo XXI</subfield>
    <subfield code="v">Cr&#xF3;nicas y reportajes period&#xED;sticos</subfield>
    <subfield code="2">LEMB</subfield>
    <subfield code="9">67499</subfield>
  </datafield>
  <datafield tag="650" ind1="0" ind2="4">
    <subfield code="a">Literatura colombiana</subfield>
    <subfield code="v">Colecciones de escritos</subfield>
    <subfield code="2">LEMB</subfield>
    <subfield code="9">1413</subfield>
  </datafield>
  <datafield tag="700" ind1=" " ind2=" ">
    <subfield code="a">Blum, Claudia</subfield>
    <subfield code="d">1948-</subfield>
    <subfield code="e">wfw</subfield>
    <subfield code="9">1281</subfield>
  </datafield>
  <datafield tag="700" ind1=" " ind2=" ">
    <subfield code="a">De la Hoz M&#xE1;rquez, Cristina Isabel</subfield>
    <subfield code="d">1992-</subfield>
    <subfield code="e">aut</subfield>
    <subfield code="9">1276</subfield>
  </datafield>
  <datafield tag="700" ind1=" " ind2=" ">
    <subfield code="a">DeLuque Curiel, Raiza</subfield>
    <subfield code="d">1987-</subfield>
    <subfield code="e">wfw</subfield>
    <subfield code="9">1280</subfield>
  </datafield>
  <datafield tag="700" ind1=" " ind2=" ">
    <subfield code="a">Espinal Solano, Manuela</subfield>
    <subfield code="d">1998-</subfield>
    <subfield code="e">aut</subfield>
    <subfield code="9">1277</subfield>
  </datafield>
  <datafield tag="700" ind1=" " ind2=" ">
    <subfield code="a">Forero Calambais, Elkin Alexis</subfield>
    <subfield code="d">1996-</subfield>
    <subfield code="e">aut</subfield>
    <subfield code="9">1273</subfield>
  </datafield>
  <datafield tag="700" ind1=" " ind2=" ">
    <subfield code="a">Garc&#xED;a Oros, Jos&#xE9; Nicol&#xE1;s</subfield>
    <subfield code="d">1991-</subfield>
    <subfield code="e">aut</subfield>
    <subfield code="9">1274</subfield>
  </datafield>
  <datafield tag="700" ind1=" " ind2=" ">
    <subfield code="a">Hinestrosa Mej&#xED;a, Roberto</subfield>
    <subfield code="e">ivr</subfield>
    <subfield code="9">1278</subfield>
  </datafield>
  <datafield tag="700" ind1=" " ind2=" ">
    <subfield code="a">Quintero Arena, Juan David</subfield>
    <subfield code="d">1993-</subfield>
    <subfield code="e">aut</subfield>
    <subfield code="9">67500</subfield>
  </datafield>
  <datafield tag="700" ind1=" " ind2=" ">
    <subfield code="a">Ru&#xED;z de Duque, Mar&#xED;a Juliana</subfield>
    <subfield code="d">1978-</subfield>
    <subfield code="e">wfw</subfield>
    <subfield code="9">1279</subfield>
  </datafield>
  <datafield tag="942" ind1=" " ind2=" ">
    <subfield code="2">ddc</subfield>
    <subfield code="c">BK</subfield>
  </datafield>
  <datafield tag="999" ind1=" " ind2=" ">
    <subfield code="c">60005</subfield>
    <subfield code="d">60005</subfield>
  </datafield>
  <datafield tag="952" ind1=" " ind2=" ">
    <subfield code="0">0</subfield>
    <subfield code="1">0</subfield>
    <subfield code="2">ddc</subfield>
    <subfield code="4">0</subfield>
    <subfield code="7">0</subfield>
    <subfield code="8">GEN</subfield>
    <subfield code="a">MEMAPJGA</subfield>
    <subfield code="b">MEMAPJGA</subfield>
    <subfield code="c">GEN</subfield>
    <subfield code="d">2025-11-14</subfield>
    <subfield code="l">0</subfield>
    <subfield code="o">Co868.5 Z16s</subfield>
    <subfield code="p">MPJG01045</subfield>
    <subfield code="r">2025-11-14 16:55:26</subfield>
    <subfield code="t">Ej.1</subfield>
    <subfield code="w">2025-11-14</subfield>
    <subfield code="y">BK</subfield>
  </datafield>
</record>
